000 00976nac a22003017a 4500
001 BR0502121
003 BR-BrBNA
005 20240105123135.0
008 230509b bl.|||m| |||| 00| 0 por d
040 _aBR-BrBNA
_bpor
_cBiblioteca Nacional de Agricultura
072 _aP34
090 _aP34 BR0502121
100 1 _aReis Júnior, F.B. dos
100 1 _aMendes, I. de C.
100 1 _aTeixeira, K.R. dos S.
100 1 _aReis, V.M.
110 1 _aEMBRAPA Cerrados, Planaltina, DF (Brasil)
245 1 _aUso de ferramentas moleculares em estudos da diversidade de microrganismos do solo
260 3 _aPlanaltina, DF (Brasil):
_c2002.
300 _a33 p.
490 _aDocumentos - EMBRAPA Cerrados (Brazil)
_vno. 51
_xISSN 1517-5111
500 _aSummary (En); Bibliography p. 25-32
650 _aMICROBIOLOGIA DO SOLO
650 _aBIOLOGIA MOLECULAR
650 _aELETROFORESE
909 _a202312
_bLúcia Elande
_c55
_dLúcia Elande
942 _2AGRIS
_n0
_cMS
999 _c294159
_d294159